Datum a čas kvízu

23 Celkem bodů Celkový počet nahraných bodů na tomto kvízu bez doplňovacích otázek.
12. Pořadí na kvízu Konečné umístění týmu na tomto kvízu.

Zaznamenané odpovědi

# Otázka Odpověď Body Výsledky
1. Ve středu přijali poslanci nov... přiosvojení 1
2. Minulý týden jsme se dozvěděli... na Novém Zélandu 1
3. Minulý týden jsme se dozvěděli... kameraman 1
4. Minulý týden byl ohlášen defin... vývojem elektromobilu (automobilu) 0
5. LeBron James pokořil ve své 21... 40 000 bodů 0
6. Napište český i latinský název... kost stehenní, femur (os femoris) 1
7. Ve kterém kraji České republik... v Královéhradeckém 0
8. Antropoložce Brennanové, hlavn... Temperance 1
9. Která párová kost u psů a koní... klíční kost (clavicula) 1
10. V září roku 2012 byla pod park... Richard III. 0